000 00188nmm a2200085Ia 4500
008 220120s9999||||xx |||||||||||||||||und||
100 _aLFY
_910674
245 0 _aKnoppix 5.0.1
260 _c2006
999 _c138650
_d138650